Uncertainty modeling in knowledge engineering and decision making : Proceedings of the 10th International FLINS Conference
This book presents the proceedings of the 10th FLINS conference, originally focused on Fuzzy Logic and Intelligent Technologies in Nuclear Science, now broadened to Computational Intelligence for applied research. It features state-of-the-art studies and developments in computational intelligence sy...
Đã lưu trong:
| Tác giả khác: | , , |
|---|---|
| Định dạng: | Sách |
| Ngôn ngữ: | Vietnamese |
| Được phát hành: |
Singapore
World Scientific Publishing Company
2012
|
| Loạt: | World Scientific proceedings series on computer engineering and information science
vol. 7 |
| Những chủ đề: | |
| Các nhãn: |
Thêm thẻ
Không có thẻ, Là người đầu tiên thẻ bản ghi này!
|
| Thư viện lưu trữ: | Thư viện Trường Đại học Nam Cần Thơ |
|---|
| LEADER | 01580nam a22002417a 4500 | ||
|---|---|---|---|
| 001 | NCT_4_028178 | ||
| 008 | 251101b xxu||||| |||| 00| 0 vie d | ||
| 999 | |c 9407 |d 9407 | ||
| 020 | |a 9789814417730 |c $494 | ||
| 082 | 0 | 4 | |2 23rd ed. |a 006.3 |b K12 |
| 245 | 0 | 0 | |a Uncertainty modeling in knowledge engineering and decision making : |b Proceedings of the 10th International FLINS Conference |c Cengiz Kahraman, Etienne E. Kerre, Faik Tunc Bozbura (editor) |
| 260 | |a Singapore |b World Scientific Publishing Company |c 2012 | ||
| 300 | |a xxiv, L-21, 1326 p. |b ill. |c 24 cm | ||
| 490 | 0 | |a World Scientific proceedings series on computer engineering and information science |v vol. 7 | |
| 504 | |a Includes bibliographical references and index | ||
| 520 | 3 | |a This book presents the proceedings of the 10th FLINS conference, originally focused on Fuzzy Logic and Intelligent Technologies in Nuclear Science, now broadened to Computational Intelligence for applied research. It features state-of-the-art studies and developments in computational intelligence systems. Both theoretical foundations and practical applications are explored. The contributions reflect current advances and innovations in the field. | |
| 653 | |a Công nghệ thông tin | ||
| 700 | 1 | |a Kahraman, Cengiz |e editor | |
| 700 | 1 | |a Kerre, Etienne E. |e editor | |
| 700 | 1 | |a Bozbura, Faik Tunc |e editor | |
| 942 | |2 ddc |c BK | ||
| 952 | |0 0 |1 0 |2 ddc |4 0 |6 006_300000000000000_K12 |7 0 |9 31543 |a 000001 |b 000001 |d 2025-11-01 |o 006.3 K12 |p MD.24540 |r 2025-11-01 |v 494.00 |w 2025-11-01 |y BK | ||
| 980 | |a Thư viện Trường Đại học Nam Cần Thơ | ||


